000
00193 a2200097 4500
001
3218
100
_a
Sparrow, G
245
_a
Hussein of jordan
260
_a
_b
Harrap
_c
090
_c
2498
_d
2498
942
_a
NUST-CAE
_c
M
_c
16646
999
_c
238291
_d
238291